Untersuchungen zu Biopterinkonzentrationen in der bovinen Milch und im Plasma neonataler Kälber während definierter Laktations- bzw. Lebensabschnitte /

Bibliographic Details
Main Author: Mohr, Werner
Format: Thesis Book
Language:German
Published: [Place of publication not identified] : [publisher not identified], 1995.

MARC

Tag First Indicator Second Indicator Subfields
LEADER 00000ctm a2200000Ka 4500
001 in00004530397
005 20191205081713.0
008 960528s1995 xx a bm 000 0 ger d
016 7 |a 946897522  |2 DE-101 
035 |a (OCoLC)ocm34795016 
035 |a (OCoLC)34795016 
035 |z (UtOrBLW)62421 
035 |a 89676 
040 |a IWA  |b eng  |c IWA  |d HEBIS  |d OCLCQ  |d UtOrBLW 
049 |a TMVM 
100 1 |a Mohr, Werner. 
245 1 0 |a Untersuchungen zu Biopterinkonzentrationen in der bovinen Milch und im Plasma neonataler Kälber während definierter Laktations- bzw. Lebensabschnitte /  |c von Werner Mohr. 
264 1 |a [Place of publication not identified] :  |b [publisher not identified],  |c 1995. 
300 |a 94 pages :  |b illustrations ;  |c 21 cm. 
336 |a text  |2 rdacontent  |b txt 
337 |a unmediated  |2 rdamedia 
338 |a volume  |2 rdacarrier  |b nc 
502 |b doctoral  |c Ludwig-Maximilians-Universität München  |d 1995. 
500 |a Summary in English. 
504 |a Includes bibliographical references. 
999 |a MARS 
999 f f |s 8d39f9da-e61c-3550-91d4-680c5b19a5e0  |i b2dc6813-1d3c-3aff-8fa1-916b0df8907a  |t 0 
952 f f |p preservation  |a Texas A&M University  |b J.J. Pickle Campus  |c High Density Repository  |d Remote Storage  |t 0  |e German dissertations  |h Other scheme  |i unmediated -- volume  |m 323890244876D 
998 f f |a German dissertations  |t 0  |l Remote Storage